000 00611nam a22002537a 4500
003 UA-OsUOA
001 31134
007 ta
008 20041203b un ||||| |||| 00| 0 ukr d
090 _a342.1
_bМ75
942 _cBK
040 _aUA-OsUOA
_bukr
_cUA-OsUOA
_dUA-OsUOA
245 _aМолода нація
_cВідпов. ред. М.Розумний
300 _a416 с.
955 _a0
041 _aukr
080 _a342.1
020 _a966-7332-13-6
260 _aКиїв
_bСмолоскип
_c2000
246 3 1 _aСпец випуск
_n
044 _aUA
650 7 _2UDC
999 _c317555
_d317555